Nostalgia - Tate McRae - Statistics

General Stats
  • This quiz has been taken 142 times
  • The average score is 285 of 340
Answer Stats
% Correct
a
100%
an
100%
we
100%
"No,
99%
no,
99%
no)
99%
and
97%
And
97%
And,
97%
to
97%
I,
96%
I
96%
(When
96%
did,
95%
did
95%
the
95%
Daddy
93%
my
93%
My
93%
school
93%
went
93%
where
93%
law
92%
you
92%
You
92%
go?"
91%
lot,
91%
lot
91%
never
91%
time
91%
day
89%
ma
89%
really
89%
So
89%
so
89%
been
88%
it
88%
just
88%
might
88%
nostalgia
88%
"Oh,
88%
oh
88%
got
87%
ten
87%
architect
86%
Didn't
86%
dream
86%
ever
86%
know
86%
like
86%
little
86%
Little
86%
lost
86%
Now
86%
now,
86%
times
86%
would
86%
about
84%
feel
84%
God,
84%
he's
84%
lose
84%
pray
84%
'Til
84%
'til
84%
up
84%
big
83%
Funny
83%
knew
83%
leave
83%
tongue
83%
anyway
82%
bite
82%
close"
82%
could've
82%
every
82%
Every
82%
sixty
82%
swear
82%
that
82%
thing
82%
was
82%
ya
82%
ya)
82%
ya,
82%
in
80%
man,
80%
said
80%
show
80%
Tucker
80%
well
80%
as
79%
had
79%
kids
79%
turnin'
79%
you're
79%
bathroom
78%
does
78%
of
78%
she
78%
me
76%
what
76%
wonders
76%
ahead
75%
all
75%
everythin'
75%
for
75%
her
75%
manifested
75%
standing
75%
guilt
74%
shit,
74%
steps
74%
wake
74%
mirror
72%
mirror,
72%
slow
72%
Three
72%
two
72%
beat
71%
fast
71%
down,
70%
feelin'
70%
grow
70%
that's
70%
Hit
68%
Took
68%
raised
67%
back
66%
right,
64%
wasn't
64%
break
63%
Lately,
62%
lately
62%
heart
61%
luck
58%
choice
57%
eyes
55%
It's
55%
Ivies
54%
leads
51%
(Ooh)
50%
drink
49%
regret
49%
stupid
49%
mistakes
47%
Half
45%
truckload
36%
trait
33%
No matching quizzes found
Score Distribution
Percent of People with Each Score
Percentile by Number Answered
Your Score History
You have not taken this quiz